Statistics for Kuala Lumpur Airport (KUL) Destinations

Click here to take the quiz!

General Stats

  • This quiz has been taken 275 times
    (217 since last reset)
  • The average score is 71 of 134

Answer Stats

HintAnswer% Correct
EtihadAbu Dhabi
92%
AirAsia, Malindo Air, Thai AirAsiaBangkok Don Mueang
92%
EgyptAir, Malaysia Air, Royal Jordanian, Thai Air, Thai SmileBangkok-Suvarnabhumi
92%
AirAsia X, All Nippon AirwaysTokyo-Haneda
91%
All Nippon Airways, Japan Airlines, Malaysia AirTokyo-Narita
91%
Air China, AirAsia X, Malaysia AirBeijing-Capital
90%
EmiratesDubai
90%
British Airways, Malaysia AirLondon-Heathrow
90%
AirAsia, Batik Air, Garuda Indonesia, Indonesia AirAsia, KLM, Lion Air, Malaysia Air, Malindo AirJakarta
89%
AirAsia X, Korean Air, Malaysia AirSeoul-Incheon
88%
AirAsia, Ethiopian Air, Jetstar Asia, Malaysia Air, Malindo Air, Silk Air, Singapore Air, Tigerair, Uzbekistan AirSingapore
88%
AirAsia X, Malaysia Air, Malindo AirDelhi
87%
AirAsia, Cathay Dragon, Malaysia Air, Malindo AirHong Kong
87%
Ethiopian AirAddis Ababa
86%
AirAsia, AirAsia Zest, Cebu Pacific, Malaysia Air, Philippine AirManila
86%
KLMAmsterdam
85%
AirAsia, Malaysia Air, Malindo Air, Vietnam AirHanoi
85%
AirAsia X, Malaysia AirOsaka-Kansai
85%
AirAsia X, China Eastern, Malaysia AirShanghai-Pudong
85%
Qatar AirwaysDoha
82%
Indonesia AirAsia, Malaysia Air, Malindo AirMumbai
82%
SaudiaRiyadh
82%
AirAsia X, China Air, EVA Air, Malaysia Air, Malindo AirTaipei-Taoyuan
82%
AirAsia X, Malaysia AirSydney
81%
Pakistan International AirIslamabad
79%
Pakistan International Air, Shaheen AirKarachi
79%
AirAsia X, Malaysia AirMelbourne
79%
AirAsia, Malaysia Air, Malindo Air, Regent, US-Bangla AirlinesDhaka
78%
AirAsia X, Flynas, Malaysia Air, Malindo Air, SaudiaJeddah
78%
AirAsia, China Southern, Malaysia Air, Malindo AirGuangzhou
77%
Egypt AirCairo
76%
AirAsia, Malaysia Air, Malindo Air, SriLankan AirColombo
76%
AirAsia X, Turkish AirIstanbul
76%
Royal JordanianAmman
75%
Iraqi AirwaysBaghdad
74%
AirAsia, Malaysia Air, Malindo Air, VietJet, Vietnam AirHo Chi Minh City
74%
Oman AirMuscat
74%
AirAsia X, Malaysia Air, Malindo AirPerth
74%
AirAsia, Malaysia Air, Malindo AirPhuket
74%
AirAsia X, Iran Air, Mahan AirTehran-Imam Khomeini
74%
Malaysia Air, Xiamen AirXiamen
74%
AirAsia, Shenzhen AirShenzhen
73%
Philippines AirAsiaCebu
72%
AirAsia X, Malaysia AirAuckland
71%
Malindo AirBrisbane
70%
AirAsia, Batik Air, Malaysia AirChennai
70%
AirAsia, AirAsia X, Batik Air, Indonesia AirAsia, Malaysia Air, Malindo AirDenpasar
70%
AirAsiaKolkata
68%
Malindo Air, Pakistan International Air, Shaheen AirLahore
67%
AirAsia, Indonesia AirAsia, Lion Air, Malaysia AirSurabaya
67%
AirAsia X, Himalaya Air, Malaysia Air, Malindo Air, Nepal AirKathmandu
66%
AirAsia, Malaysia Air, Malindo Air, Myanmar Airways InternationalYangon
66%
AirAsia XBusan
65%
AirAsia, Bassaka Air, Malaysia Air, Malindo AirPhnom Penh
65%
AirAsia XXi'an
64%
Malaysia AirAdelaide
63%
Air AstanaAlmaty
63%
AirAsia, Malaysia Air, Malindo AirBangalore
63%
AirAsia XChengdu
63%
AirAsia X, Malaysia Air, Malindo AirWuhan
58%
AirAsia, Malaysia Air, Royal BruneiBandar Seri Begawan
57%
AirAsia, Indonesia AirAsia, Malindo AirBandung
57%
AirAsia X, Malaysia AirChongqing
57%
AirAsia, Batik Air, Indonesia AirAsia, Malaysia AirMedan
57%
AirAsia, Malaysia Air, Malindo AirPenang
57%
AirAsia, Malindo AirChiang Mai
55%
AirAsia, Malaysia AirHyderabad
55%
AirAsiaMacau
55%
AirAsia, Malaysia Air, Malindo AirKota Kinabalu
54%
AirAsia, AirAsia XMale
54%
AirAsia XSapporo-Chitose
54%
Uzbekistan AirTashkent
54%
AirAsiaVientiane
54%
AirAsia XHangzhou
53%
AirAsiaDa Nang
49%
AirAsia X, Malaysia AirMedina
49%
China EasternNanjing
49%
Malaysia Air, Xiamen AirFuzhou
46%
AirAsia, Malaysia Air, Malindo AirKuching
46%
AirAsia, Lucky AirKunming
46%
Air MauritiusMauritius
45%
AirAsia, Malaysia Air, Malindo AirJohor Bahru
42%
AirAsiaMakassar
42%
AirAsiaDavao
41%
AirAsia XGold Coast
41%
AirAsiaKaohsiung
40%
AirAsia, Indonesia AirAsiaYogyakarta
39%
AirAsia XJeju
38%
AirAsia, China SouthernChangsha
36%
AirAsia XZhengzhou
36%
AirAsia XHonolulu
35%
AirAsiaPalembang
35%
AirAsia, Malaysia AirSiem Reap
35%
AirAsia, Malaysia Air, Malindo AirLangkawi
34%
Malindo AirChittagong
32%
AirAsiaKrabi
32%
AirAsiaSemarang
32%
AirAsiaNanning
31%
Bangkok AirwaysKoh Samui
29%
Pakistan International AirPeshawar
29%
AirAsiaBanda Aceh
28%
Malaysia Air, Malindo AirHaikou
28%
AirAsia XJaipur
26%
AirAsia, Malindo AirKochi
26%
AirAsia, Indonesia AirAsiaLombok
26%
AirAsia, Malaysia Air, Malindo AirMiri
26%
AirAsiaLuang Prabang
25%
AirAsia, Malaysia AirAlor Setar
24%
AirAsiaClark
24%
AirAsia, Malaysia AirKuala Terengganu
23%
AirAsiaPadang
23%
AirAsiaPattaya
23%
AirAsia, Malaysia AirSandakan
23%
Malindo AirAmritsar
22%
AirAsiaHat Yai
22%
AirAsia, Malaysia AirTawau
22%
AirAsia, Indonesia AirAsiaPekanbaru
21%
AirAsiaPontianak
21%
Malindo AirSanya
21%
AirAsia, Malaysia AirSibu
21%
AirAsia, Malaysia AirBintulu
20%
AirAsiaNha Trang
19%
AirAsiaShantou
19%
AirAsia, Malaysia AirLabuan
18%
AirAsiaGuilin
16%
Malindo AirGuiyang
16%
AirAsia, Malaysia Air, Malindo AirKota Bharu
16%
China EasternQuanzhou
16%
AirAsiaSihanoukville
11%
Malindo AirThiruvananthapuram
10%
AirAsiaVisakhapatnam
10%
AirAsiaBhubaneswar
9%
AirAsia, Malindo AirTiruchirapalli
7%
Lucky AirLijiang
4%

Score Distribution

Percentile by Number Answered

Percent of People with Each Score

Your Score History

You have not taken this quiz since the last reset